000 00386nam a2200157Ia 4500
008 220216s9999 xx 000 0 und d
100 _aSivadasan C R
245 0 _aRubber : Cardamom intercropping
260 _bRubber Board Bulletin
_c1989
300 _a21-22
650 _aCardamom
650 _aIntercropping
650 _aRubber
700 _aKunhikrishnan Nair C
942 _cJS
999 _c67410
_d67410